Estudio de higiene ocupacional en la Universidad Politécnica de Nicaragua en su sede central, recintos regionales, Boaco, Estela, Rivas, ICIDRI - Masatepe, anexo Villa Libertad, conservatorio de música y clínica Monte Tabor
Presenta la evaluación de condiciones de trabajo de los recintos de la Universidad Politécnica de Nicaragua UPOLI, en cuanto a iluminación, ruido, ventilación en las distintas áreas de la institución.
| Main Authors: | , |
|---|---|
| Other Authors: | |
| Format: | Tesis Section = Libro |
| Language: | Undetermined Spanish |
| Published: |
Managua
UNI
2013
|
| Subjects: |
| LEADER | 01165nam a2200253Ia 4500 | ||
|---|---|---|---|
| 008 | 240830s9999 xx 000 0 und d | ||
| 040 | |a BIBLIOTECA-RUPAP Mon 658.38 R627 | ||
| 041 | |a spa | ||
| 082 | |a Mon 658.38 R627 | ||
| 100 | 1 | |a Rizo Soza, Máximo Otoniel | |
| 100 | 1 | |b Urbina Centeno, Oscar Loreto | |
| 245 | 1 | 0 | |a Estudio de higiene ocupacional en la Universidad Politécnica de Nicaragua en su sede central, recintos regionales, Boaco, Estela, Rivas, ICIDRI - Masatepe, anexo Villa Libertad, conservatorio de música y clínica Monte Tabor |
| 260 | |a Managua |b UNI |c 2013 | ||
| 300 | |a 76 p. :il. | ||
| 500 | |a Contiene: anexos e Incluye: CD. | ||
| 502 | |a Tesis (Ingeniero Industrial)- UNI, 2013. | ||
| 520 | 3 | |a Presenta la evaluación de condiciones de trabajo de los recintos de la Universidad Politécnica de Nicaragua UPOLI, en cuanto a iluminación, ruido, ventilación en las distintas áreas de la institución. | |
| 650 | 7 | |a SEGURIDAD INDUSTRIAL | |
| 650 | 7 | |b SEGURIDAD E HIGIENE OCUPACIONAL | |
| 650 | 7 | |c MEDIDAS DE SEGURIDAD | |
| 700 | 1 | |a Tutor: |b Gutiérrez Martínez, Marbel Evaristo | |
| 942 | |c BK |2 ddc | ||
| 991 | |a TESIS | ||
| 999 | |c 17158 | ||